[Event "ITA-ch U20"]
[Site "Bratto"]
[Date "2008.08.25"]
[Round "4"]
[White "Zanchetta, Nicola"]
[Black "Serri, Cristiano"]
[Result "0-1"]
[WhiteElo "1777"]
[BlackElo "1542"]
[PlyCount "158"]
[EventDate "2008.08.22"]
[EventType "swiss"]
[EventRounds "9"]
[EventCountry "ITA"]
[SourceTitle "CBM 126 Extra"]
[Source "ChessBase"]
[SourceDate "2008.11.05"]
[SourceVersion "1"]
[SourceVersionDate "2008.11.05"]
[SourceQuality "1"]

1. d4 c5 2. dxc5 e6 3. Nf3 Bxc5 4. e4 Ne7 5. Bd3 0-0 6. 0-0 d5 7. exd5 exd5 8. a3 h6 9. b4 Bb6 10. Bb2 Nbc6 11. h3 a6 12. Nbd2 Be6 13. Nb3 Ng6 14. Nbd4 Nxd4 15. Nxd4 Bxd4 16. Bxd4 Qg5 17. Be3 Qf6 18. Be2 Rfd8 19. Qd4 Qxd4 20. Bxd4 Rac8 21. c3 Ne7 22. Rfd1 Nf5 23. Rac1 b5 24. g4 Nd6 25. f4 f5 26. Kg2 Rc6 27. Kf3 Re8 28. Bd3 Ne4 29. Bxe4 dxe4+ 30. Kg3 g6 31. g5 h5 32. Kf2 Bc4 33. Ke3 Kf7 34. h4 Ke6 35. Be5 Bd3 36. Rd2 Kd5 37. Ra2 Rcc8 38. a4 bxa4 39. Rxa4 Rxe5 40. Ra5+ Bb5 41. Rd1+ Ke6 42. fxe5 Kxe5 43. Rc1 f4+ 44. Kf2 Rc4 45. Ra2 Kf5 46. Rac2 Kg4 47. Rg1+ Kxh4 48. Rcc1 Bd7 49. Rgd1 Bg4 50. Rd4 e3+ 51. Ke1 Rc6 52. Rxf4 Kxg5 53. Re4 e2 54. c4 h4 55. c5 h3 56. Rcc4 Bh5 57. Rh4 Rf6 58. Rxh5+ Kxh5 59. Kxe2 h2 60. Rc1 Kh4 61. Ke3 g5 62. c6 Rf8 63. c7 Kg3 64. Kd4 g4 65. Kc5 Kg2 66. Rc2+ Kh3 67. Rc1 g3 68. Kb6 g2 69. Rc3+ Kg4 70. Rc4+ Kg5 71. Rc5+ Kg6 72. Kxa6 g1Q 73. Rc6+ Kg7 74. Kb7 h1B 75. b5 Bxc6+ 76. Kxc6 Qc1+ 77. Kb7 Qc5 78. b6 Qd5+ 79. Ka6 Ra8# 0-1

[Event "ITA-ch U20"]
[Site "Bratto"]
[Date "2008.08.23"]
[Round "2"]
[White "Regorda, Massimiliano"]
[Black "Serri, Cristiano"]
[Result "1-0"]
[WhiteElo "1907"]
[BlackElo "1542"]
[PlyCount "99"]
[EventDate "2008.08.22"]
[EventType "swiss"]
[EventRounds "9"]
[EventCountry "ITA"]
[SourceTitle "CBM 126 Extra"]
[Source "ChessBase"]
[SourceDate "2008.11.05"]
[SourceVersion "1"]
[SourceVersionDate "2008.11.05"]
[SourceQuality "1"]

1. e4 c5 2. Nf3 d6 3. Bb5+ Nd7 4. 0-0 a6 5. Bxd7+ Bxd7 6. d4 cxd4 7. Nxd4 Nf6 8. Nc3 e5 9. Nf3 Be7 10. Bg5 Bc6 11. Bxf6 Bxf6 12. Nd5 0-0 13. Qd2 Bxd5 14. Qxd5 Qd7 15. Rfd1 Rfd8 16. Rd3 Rac8 17. c3 Rc5 18. Qb3 b5 19. Rad1 Qc6 20. Rd5 Kf8 21. Rxc5 Qxc5 22. Rd5 Qc6 23. Qb4 h6 24. Nxe5 Bxe5 25. Rxe5 Re8 26. Rxe8+ Kxe8 27. Qd4 Ke7 28. e5 dxe5 29. Qxe5+ Qe6 30. Qxe6+ Kxe6 31. Kf1 Kd5 32. b3 f5 33. Ke2 g5 34. Kd3 h5 35. g3 Ke5 36. Ke3 f4+ 37. gxf4+ gxf4+ 38. Kf3 a5 39. c4 bxc4 40. bxc4 Kd4 41. Kxf4 Kxc4 42. Kg5 Kb4 43. f4 Ka3 44. f5 Kxa2 45. f6 Kb2 46. f7 a4 47. f8Q a3 48. Qxa3+ Kxa3 49. Kxh5 Kb4 50. Kg6 1-0